Ricostruisci la Carriera del Calciatore - Adrien Tameze - Statistics

Statistiche generali
  • Questo quiz è stato fatto 14 volte
  • Il punteggio medio è 4 su 6
Statistiche sulle risposte
Hint Risposta % Corretto
2023- Torino
100%
2020-2023 Verona
91%
2014-2017 Valenciennes
82%
2020 Atalanta
73%
2017-2020 Nizza
64%
2012-2014 Nancy
36%
Nessun quiz corrispondente trovato
Distribuzione punteggi
Percentuale di utenti per punteggio
Percentile per numero di risposta
I tuoi punteggi nel tempo
Non hai fatto questo quiz